000 00598nam a2200169 i 4500
001 46110
003 ES-MaACL
005 20230906161330.0
007 t|
008 030328s1868 fr ||||1| fre d
100 1 _aCollomb, Edouard.
_939750
245 1 0 _aSur le volume d'eau débité par les anciens glaciers /
_cpar E. Collomb.
260 _aParis :
_b[s.n.,
_c1868] (
_fGauthier-Villars)
300 _a3 p. ;
_c26 cm.
594 _aTítulo y autor tomados del principio del texto, la fecha del final.
852 _aES-MaACL
_jT-1088-F-4
_z.- Dedicatoria autógrafa del autor a Federico de Botella
999 _c46110
_d46110